000
00312nam a2200145Ia 4500
100
_a
Danesh/ Arman/ Tatters/ Wes
942
_c
BK
654
_a
computer
245
_a
Java Script 1.1. Devs guide
260
_b
Sams net
_c
1996
082
_a
5.133
_b
DAN/TAT
300
_a
604
546
_a
ENGLISH
999
_c
31807
_d
31807